The works of Alexander Pope, Esq; vol. II. Containing his epistles and satires.

Bibliographic Details
Main Author: Pope, Alexander, 1688-1744
Corporate Author: Gale (Firm)
Format: eBook
Language:English
Published: London : Printed for L. Gilliver, 1735.
Subjects:
Online Access:Connect to the full text of this electronic book

MARC

Tag First Indicator Second Indicator Subfields
LEADER 00000cam a2200000 4500
001 in00003864355
005 20190415190943.0
006 m o d
007 cr |n||||||||n
008 950123s1735 enk|||| o 00| ||eng c
035 |a (CU-RivES)T223571 
035 |a (Uk-ES)006317977 
035 |a (OCoLC)510683317 
040 |a Uk-ES  |c Uk-ES  |d CStRLIN  |d Cengage Gale  |d UtOrBLW 
050 4 |a AC4  |b .P674 1735 
100 1 |a Pope, Alexander,  |d 1688-1744.  |0 http://id.loc.gov/authorities/names/n79084387 
245 1 4 |a The works of Alexander Pope, Esq; vol. II. Containing his epistles and satires. 
264 1 |a London :  |b Printed for L. Gilliver,  |c 1735. 
300 |a 1 online resource (8 unnumbered pages, 58, 6 unnumbered pages, 96, 3 unnumbered pages, 110-154, 145-160 pages)  
336 |a text  |b txt  |2 rdacontent 
337 |a computer  |b c  |2 rdamedia 
338 |a online resource  |b cr  |2 rdacarrier 
500 |a With a half-title, the verso of which is blank. 
500 |a Titlepage in red and black. 
500 |a Titlepage ornament: vase with fruit and flowers. 
500 |a Pp. 155-170 misnumbered 145-160 but text and register are continuous. 
500 |a In this edition signature A3v has its final line beginning "to"; page 65 sig. E under "since"; and the second pages 149 is misnumbered 146. 
509 |a Not in Griffith; compare t5400. 
510 4 |a English Short Title Catalog,  |c T223571. 
500 |a Reproduction of original from British Library. 
500 |a Electronic resource. 
650 0 |a Epistolary poetry, English  |v Early works to 1800. 
650 0 |a Verse satire, English  |v Early works to 1800. 
655 7 |a Electronic books.  |2 local 
655 7 |a Poems.  |2 rbgenr 
710 2 |a Gale (Firm)  |0 http://id.loc.gov/authorities/names/no2008071348 
752 |a Great Britain  |b England  |d London. 
856 4 0 |u http://proxy.library.tamu.edu/login?url=http://find.galegroup.com/ecco/infomark.do?contentSet=ECCOArticles&docType=ECCOArticles&bookId=1388200602&type=getFullCitation&tabID=T001&prodId=ECCO&docLevel=TEXT_GRAPHICS&version=1.0&source=library&userGroupName=txshracd2898  |z Connect to the full text of this electronic book  |t 0 
999 f f |s 29fc41ae-ef18-3e5e-b23f-42f2899ee8b8  |i c3998d1e-ccb4-3975-98d7-82438e1038a5  |t 0 
952 f f |a Texas A&M University  |b College Station  |c Electronic Resources  |d Available Online  |t 0  |e AC4 .P674 1735  |h Library of Congress classification 
998 f f |a AC4 .P674 1735  |t 0  |l Available Online